Financial condition of small and medium rural enterprises situated in Warmia and Mazury

Okolnosti a funkčná schopnosť malých a stredných podnikov vo vojvodstve Warmia-Mazuria v Poľsku. Finančná situácia a analýza obchodných spoločností. Typy aktivít a prevedenie rozhodujúcich činiteľov. Sociálno-ekonomické vzťahy. Charakteristika populácie.

Salvato in:
Dettagli Bibliografici
Autore principale: Ratajczak, Marcin
Natura: Capitolo di libro
Lingua:inglese
Soggetti:
Tags: Aggiungi Tag
Nessun Tag, puoi essere il primo ad aggiungerne!!

MARC

LEADER 00000nla$a2200000$$$4500
001 0111182
005 20221128083137.9
041 0 |a eng 
044 |a SK 
245 1 0 |a Financial condition of small and medium rural enterprises situated in Warmia and Mazury  |c Marcin Ratajczak 
520 |a Okolnosti a funkčná schopnosť malých a stredných podnikov vo vojvodstve Warmia-Mazuria v Poľsku. Finančná situácia a analýza obchodných spoločností. Typy aktivít a prevedenie rozhodujúcich činiteľov. Sociálno-ekonomické vzťahy. Charakteristika populácie. 
610 2 0 |a Poľsko 
610 2 0 |a podnik malý 
610 2 0 |a podnik stredný 
610 2 0 |a vidiek 
610 2 0 |a spoločnosti obchodné 
610 2 0 |a prostredie podnikateľské 
610 2 0 |a vzťahy genderové 
100 1 |a Ratajczak, Marcin